000 00227nam a22000977a 4500
999 _c16107
_d16107
003 OSt
008 191106b ||||| |||| 00| 0 eng d
100 _aGilchrst,R N.
_94547
245 _aPrinciples of Political Science
942 _cBK